|
|
|
|
| LEADER |
00000nam a2200000 a 4500 |
| 001 |
UCI3336 |
| 003 |
CL-VaPUC |
| 008 |
071026e20040000MX |||||||||||||||||spa|d |
| 020 |
|
|
|a 9703215378
|
| 082 |
0 |
4 |
|a 372.6
|b CAM
|2 21
|
| 100 |
0 |
|
|a Campos, Eva
|e author
|9 524679
|
| 700 |
0 |
|
|a Montemayor, Marta
|e author
|9 524680
|
| 700 |
0 |
|
|a Montoya, María Teresa
|e author
|9 524681
|
| 245 |
1 |
0 |
|a Estoy listo. nivel 3. Libro de texto para la enseñanza del español como lengua extranjera
|
| 300 |
|
|
|a 403 p
|
| 942 |
|
|
|c BK
|
| 945 |
|
|
|d 20071026 00:00:00
|a rbrito
|
| 260 |
|
|
|a Ciudad de México
|b UNAM
|c 2004
|
| 650 |
|
0 |
|a Español gramática
|9 264564
|
| 650 |
|
0 |
|a Enseñanza del español
|9 339826
|
| 650 |
|
0 |
|a Enseñanza de idiomas
|9 339820
|
| 650 |
|
0 |
|a Comprensión
|9 339377
|
| 650 |
|
0 |
|a Vocabulario
|9 345405
|
| 650 |
|
0 |
|a Métodos de enseñanza
|9 270413
|
| 583 |
|
|
|a last modification
|c 20071026 00:00:00
|k Rodrigo Vera
|
| 999 |
|
|
|c 327588
|d 327586
|
| 952 |
|
|
|0 0
|1 0
|4 0
|6 372_600000000000000_CAM_2004
|7 0
|8 A
|9 410603
|a BIBEDU
|b BIBEDU
|d 2019-11-22
|i 4383125
|o 372.6 CAM 2004
|p 4383125
|r 2019-11-22
|w 2019-11-22
|y BK
|k LIT
|